| 000 | 01173nam a22003377a 4500 | ||
|---|---|---|---|
| 001 | BD-DhSAU 9032 | ||
| 003 | BD-DhSAU | ||
| 005 | 20190110094839.0 | ||
| 008 | 150612b2015 bg a||||r|||| 000 0 eng d | ||
| 040 | _aBD-DhSAU | ||
| 082 |
_222 _a631.4 _bK5279 |
||
| 100 |
_aKhatun , Most.Moslama _4Registration No: 14-06322 |
||
| 245 |
_aEffect of Foliar application of Salicylic Acid on yield and yield contributing characters of BRRI Hybrid Dhan3 / _cKhatun , Most.Moslama _bMs Thesis |
||
| 260 |
_aSher-e- Bangla Agricultural University : _bDepartment of Soil science, _c2015. |
||
| 300 |
_aix , 59 p. : _bill. , _c30 cm. |
||
| 504 | _aIncludes bibliographical references. | ||
| 590 | _aShofi | ||
| 650 | _aSoil science | ||
| 650 | _aEffect | ||
| 650 | _a Foliar application | ||
| 650 | _aSalicylic Acid | ||
| 650 | _aCharacter | ||
| 650 | _aBRRI Hybrid Dhan3 | ||
| 650 | _aModified Chitosan | ||
| 650 | _aSeedbed | ||
| 650 | _aMain Field | ||
| 700 |
_aIssak , Mohammad _eSupervisor |
||
| 700 |
_a Sultana , Amena _eCo-Supervisor |
||
| 856 |
_uhttp://archive.saulibrary.edu.bd:8080/xmlui/handle/123456789/1380 _yOnline Access |
||
| 942 |
_2ddc _cTHESIS |
||
| 999 |
_c14355 _d14354 |
||